[Event "Northern Lights op"]
[Site "Reykjavik ISL"]
[Date "2017.11.12"]
[Round "5.9"]
[White "Kaufman, Raymond"]
[Black "Jaksland, Tim"]
[Result "0-1"]
[WhiteElo "2266"]
[BlackElo "2168"]
[PlyCount "66"]
[GameId "2130307625439168"]
[EventDate "2017.11.10"]
[EventType "swiss"]
[EventRounds "9"]
[EventCountry "ISL"]
[SourceTitle "10 Days #526"]
[Source "Chess Mix"]
[SourceDate "2017.12.01"]
[SourceVersion "1"]
[SourceVersionDate "2017.12.01"]
[SourceQuality "1"]

1. e4 c5 2. Nf3 e6 3. g3 d5 4. exd5 exd5 5. d4 Bg4 6. Bg2 Nc6 7. O-O Nxd4 8. Qe1+ Be7 9. Nxd4 cxd4 10. Qe5 Nf6 11. Qxd4 O-O 12. Nc3 Be6 13. Bf4 Qa5 14. Rad1 Rfd8 15. Be5 Rac8 16. a3 Rc4 17. Qd3 d4 18. Bxf6 Bxf6 19. Ne4 Be7 20. Nd2 Rc7 21. Rfe1 Qb6 22. Be4 g6 23. Rb1 Bf6 24. h4 Bg7 25. h5 Ba2 26. Ra1 Qxb2 27. c4 b5 28. hxg6 hxg6 29. cxb5 Rc3 30. Qf1 d3 31. Nf3 d2 32. Red1 Bc4 33. Rab1 Qxb1 0-1

[Event "Northern Lights op"]
[Site "Reykjavik ISL"]
[Date "2017.11.13"]
[Round "6.9"]
[White "Birkisson, Bardur Orn"]
[Black "Kaufman, Raymond"]
[Result "1/2-1/2"]
[WhiteElo "2198"]
[BlackElo "2266"]
[PlyCount "170"]
[GameId "2130307625439179"]
[EventDate "2017.11.10"]
[EventType "swiss"]
[EventRounds "9"]
[EventCountry "ISL"]
[SourceTitle "10 Days #526"]
[Source "Chess Mix"]
[SourceDate "2017.12.01"]
[SourceVersion "1"]
[SourceVersionDate "2017.12.01"]
[SourceQuality "1"]

1. Nf3 c5 2. g3 Nc6 3. Bg2 g6 4. O-O Bg7 5. c4 d6 6. Nc3 e5 7. d3 Nge7 8. a3 O-O 9. Rb1 a5 10. e4 Rb8 11. Ne1 Be6 12. Nc2 Qd7 13. Ne3 Nd4 14. b4 axb4 15. axb4 cxb4 16. Rxb4 b5 17. cxb5 Rfc8 18. Bd2 Nxb5 19. Nxb5 Rxb5 20. Qa4 Rcb8 21. Rxb5 Qxb5 22. Qa3 Nc6 23. Nd5 Bf8 24. Nc7 Qb3 25. Qxb3 Rxb3 26. Nxe6 fxe6 27. Be3 Rxd3 28. Rc1 Nd4 29. Rc8 Rd1+ 30. Bf1 Kf7 31. Rc7+ Kf6 32. Rxh7 g5 33. Kg2 Kg6 34. Rd7 g4 35. Bxd4 exd4 36. Be2 Rc1 37. e5 dxe5 38. Bxg4 Kf6 39. h4 Rc2 40. Bh5 Be7 41. g4 e4 42. g5+ Ke5 43. Rxe7 e3 44. g6 Rxf2+ 45. Kg1 Rf8 46. g7 Rg8 47. Bg4 Kf6 48. Rxe6+ Kxg7 49. Rd6 Re8 50. Be2 Re4 51. h5 Re8 52. Rxd4 Kh8 53. Kg2 Kg7 54. Rg4+ Kh8 55. Kf3 Re5 56. Rh4 Kg7 57. Kf4 Re6 58. Rh2 Kh6 59. Bd3 Re7 60. Be4 Re8 61. Kxe3 Re5 62. Kf4 Rxh5 63. Rg2 Rh4+ 64. Ke5 Rh5+ 65. Kf6 Rg5 66. Ra2 Rg6+ 67. Kf5 Rb6 68. Rh2+ Kg7 69. Rg2+ Kh8 70. Bd5 Rb5 71. Ke6 Ra5 72. Kf7 Ra7+ 73. Kf6 Rg7 74. Ra2 Rg6+ 75. Kf5 Rg1 76. Bf3 Kg7 77. Ra7+ Kh8 78. Kf6 Rf1 79. Kg6 Rg1+ 80. Kh6 Rg7 81. Ra8+ Rg8 82. Ra6 Rf8 83. Bh5 Rd8 84. Bg6 Rg8 85. Bh7 Rd8 1/2-1/2

[Event "Northern Lights op"]
[Site "Reykjavik ISL"]
[Date "2017.11.14"]
[Round "7.10"]
[White "Kaufman, Raymond"]
[Black "Ingvason, Johann"]
[Result "0-1"]
[WhiteElo "2266"]
[BlackElo "2172"]
[PlyCount "78"]
[GameId "2130307625439190"]
[EventDate "2017.11.10"]
[EventType "swiss"]
[EventRounds "9"]
[EventCountry "ISL"]
[SourceTitle "10 Days #526"]
[Source "Chess Mix"]
[SourceDate "2017.12.01"]
[SourceVersion "1"]
[SourceVersionDate "2017.12.01"]
[SourceQuality "1"]

1. e4 c5 2. Nf3 d6 3. d4 cxd4 4. Nxd4 Nf6 5. Nc3 a6 6. h3 e5 7. Nb3 Be6 8. g4 h6 9. Bg2 Nbd7 10. Be3 Rc8 11. Nd5 Nc5 12. Nxc5 dxc5 13. Qe2 Bd6 14. O-O-O Nxd5 15. exd5 Bd7 16. f4 Qf6 17. f5 Kd8 18. Be4 Kc7 19. h4 Kb8 20. g5 Qd8 21. Rdf1 Qa5 22. Kb1 c4 23. c3 b5 24. a3 Rc7 25. f6 g6 26. Qf2 Rb7 27. h5 Bxa3 28. bxa3 Qxc3 29. Bc5 b4 30. axb4 Bf5 31. Bxf5 gxf5 32. Qf3 Rxb4+ 33. Bxb4 Qxb4+ 34. Ka2 Qd2+ 35. Kb1 Ka8 36. Rf2 Rb8+ 37. Ka1 Qd4+ 38. Ka2 c3 39. Rh4 e4 0-1

[Event "Northern Lights op"]
[Site "Reykjavik ISL"]
[Date "2017.11.14"]
[Round "8.9"]
[White "Ptacnikova, Lenka"]
[Black "Kaufman, Raymond"]
[Result "1/2-1/2"]
[WhiteElo "2232"]
[BlackElo "2266"]
[PlyCount "27"]
[GameId "2130307625439199"]
[EventDate "2017.11.10"]
[EventType "swiss"]
[EventRounds "9"]
[EventCountry "ISL"]
[SourceTitle "10 Days #526"]
[Source "Chess Mix"]
[SourceDate "2017.12.01"]
[SourceVersion "1"]
[SourceVersionDate "2017.12.01"]
[SourceQuality "1"]

1. c4 e6 2. g3 Nf6 3. Bg2 d5 4. Nf3 Be7 5. O-O O-O 6. d4 dxc4 7. Qa4 a6 8. Qxc4 b5 9. Qc2 Bb7 10. Nc3 b4 11. Na4 Be4 12. Qc4 Bd5 13. Qc2 Be4 14. Qc4 1/2-1/2

[Event "Northern Lights op"]
[Site "Reykjavik ISL"]
[Date "2017.11.15"]
[Round "9.10"]
[White "Heimisson, Hilmir Freyr"]
[Black "Kaufman, Raymond"]
[Result "1-0"]
[WhiteElo "2190"]
[BlackElo "2266"]
[PlyCount "82"]
[GameId "2130307625439209"]
[EventDate "2017.11.10"]
[EventType "swiss"]
[EventRounds "9"]
[EventCountry "ISL"]
[SourceTitle "10 Days #526"]
[Source "Chess Mix"]
[SourceDate "2017.12.01"]
[SourceVersion "1"]
[SourceVersionDate "2017.12.01"]
[SourceQuality "1"]

1. d4 Nf6 2. Bg5 e6 3. e4 h6 4. Bxf6 Qxf6 5. c3 d5 6. Bd3 dxe4 7. Bxe4 Nd7 8. Nf3 Qd8 9. Nbd2 Be7 10. O-O O-O 11. Re1 c5 12. Rc1 cxd4 13. cxd4 Nf6 14. Bb1 b6 15. Ne4 Bb7 16. Nxf6+ Bxf6 17. Qd3 g6 18. Ne5 Bxe5 19. Rxe5 Qh4 20. h3 Rfd8 21. Rc7 Rxd4 22. Qe2 Bd5 23. Bxg6 Rf8 24. Bb1 Qf4 25. Rc3 Rd2 26. Qe1 Kh8 27. Ree3 Rxb2 28. Rg3 Qf6 29. Bc2 Rxa2 30. Qd1 Qf4 31. Rg4 Qe5 32. Qc1 Qf6 33. Qd2 Ra1+ 34. Kh2 Rd8 35. Rcg3 Bb3 36. Rg6 fxg6 37. Qxh6+ Kg8 38. Rxg6+ Qxg6 39. Qxg6+ Kf8 40. Qf6+ Ke8 41. Bxb3 Re1 1-0

[Event "KVP M"]
[Site "Seattle USA"]
[Date "2017.03.19"]
[Round "5"]
[White "Kaufman, Raymond"]
[Black "Doknjas, Joshua"]
[Result "1/2-1/2"]
[WhiteElo "2380"]
[BlackElo "2167"]
[PlyCount "35"]
[GameId "2130307635132520"]
[EventDate "2017.03.17"]
[EventType "swiss"]
[EventRounds "5"]
[EventCountry "USA"]

1. Nf3 c5 2. c4 Nc6 3. Nc3 e5 4. e3 Nf6 5. Be2 d5 6. cxd5 Nxd5 7. Bb5 Nxc3 8. bxc3 Qf6 9. Qa4 Bd7 10. O-O a6 11. Rb1 Rd8 12. Bxc6 Bxc6 13. Qg4 e4 14. Ne1 h5 15. Qe2 Bd6 16. f3 Qe5 17. f4 Qe6 18. c4 1/2-1/2

[Event "Independencia Cup CDMX IM"]
[Site "Mexico City MEX"]
[Date "2016.09.14"]
[Round "1.5"]
[White "Benitez Lozano, Javier"]
[Black "Kaufman, Raymond"]
[Result "1-0"]
[WhiteElo "2284"]
[BlackElo "2308"]
[PlyCount "62"]
[GameId "2130307640370784"]
[EventDate "2016.09.14"]
[EventType "tourn"]
[EventRounds "9"]
[EventCountry "MEX"]
[EventCategory "2"]
[SourceTitle "10 Days #484"]
[Source "Chess Mix"]

1. d4 Nf6 2. c4 e6 3. Nf3 Bb4+ 4. Nbd2 O-O 5. g3 b6 6. Bg2 Bb7 7. O-O d5 8. Ne5 c6 9. Ndf3 Bd6 10. cxd5 cxd5 11. Bf4 Ne4 12. Nd2 Nxd2 13. Qxd2 f6 14. Nd3 Nc6 15. Bxd6 Qxd6 16. e3 Ba6 17. Rfc1 Rac8 18. Rc3 Rc7 19. Rac1 Rfc8 20. Nf4 f5 21. h4 Kf7 22. Qc2 Bb7 23. Nd3 Kg8 24. a3 a6 25. Ne5 b5 26. Nd3 a5 27. Rc5 Ba6 28. Nf4 Bb7 29. Nxe6 Re7 30. Bxd5 Kh8 31. Bxc6 Ra8 1-0

[Event "Independencia Cup CDMX IM"]
[Site "Mexico City MEX"]
[Date "2016.09.14"]
[Round "2.1"]
[White "Morales Garcia, Sergio Joshafatt"]
[Black "Kaufman, Raymond"]
[Result "1/2-1/2"]
[WhiteElo "2259"]
[BlackElo "2308"]
[PlyCount "58"]
[GameId "2130307640370785"]
[EventDate "2016.09.14"]
[EventType "tourn"]
[EventRounds "9"]
[EventCountry "MEX"]
[EventCategory "2"]
[SourceTitle "10 Days #484"]
[Source "Chess Mix"]

1. e4 e5 2. Nf3 Nc6 3. Bb5 g6 4. c3 Nge7 5. O-O Bg7 6. d4 exd4 7. cxd4 d5 8. exd5 Nxd5 9. Re1+ Be6 10. Ne5 O-O 11. Nxc6 bxc6 12. Bxc6 Rb8 13. Nc3 Nb4 14. d5 Bf5 15. Ba4 Nd3 16. Re2 Qh4 17. Bc2 Nxf2 18. Rxf2 Bd4 19. Ne4 Bxf2+ 20. Nxf2 Bxc2 21. Qxc2 Rfe8 22. Qc3 Re2 23. g3 Qh5 24. b3 Rxf2 25. Kxf2 Qxh2+ 26. Kf1 Re8 27. Bf4 Qh1+ 28. Kf2 Qh2+ 29. Kf1 Qh1+ 1/2-1/2

[Event "Independencia Cup CDMX IM"]
[Site "Mexico City MEX"]
[Date "2016.09.15"]
[Round "3.5"]
[White "Kaufman, Raymond"]
[Black "Corrales Jimenez, Zenia"]
[Result "1-0"]
[WhiteElo "2308"]
[BlackElo "2216"]
[PlyCount "63"]
[GameId "2130307640370792"]
[EventDate "2016.09.14"]
[EventType "tourn"]
[EventRounds "9"]
[EventCountry "MEX"]
[EventCategory "2"]
[SourceTitle "10 Days #484"]
[Source "Chess Mix"]

1. d4 Nf6 2. Bg5 Ne4 3. Bf4 d5 4. e3 c5 5. Bd3 Nf6 6. Nd2 Qb6 7. dxc5 Qxc5 8. h3 Nc6 9. Ngf3 g6 10. O-O Bg7 11. c4 O-O 12. a3 dxc4 13. Nxc4 Bf5 14. Rc1 Bxd3 15. Qxd3 Qd5 16. Rfd1 Qxd3 17. Rxd3 Ne4 18. Rd7 Nc5 19. Rd5 Nb3 20. Rcd1 Rfd8 21. Nce5 Rxd5 22. Rxd5 Nca5 23. Nd3 Rc8 24. Rd7 Nc1 25. b4 Nxd3 26. Rxd3 Nc4 27. Rd7 e5 28. Bg3 h6 29. Rxb7 e4 30. Nd4 Nxa3 31. Rxa7 Rc1+ 32. Kh2 1-0

[Event "Independencia Cup CDMX IM"]
[Site "Mexico City MEX"]
[Date "2016.09.15"]
[Round "4.2"]
[White "Rodriguez, Pedro"]
[Black "Kaufman, Raymond"]
[Result "1/2-1/2"]
[WhiteElo "2296"]
[BlackElo "2308"]
[PlyCount "58"]
[GameId "2130307640370794"]
[EventDate "2016.09.14"]
[EventType "tourn"]
[EventRounds "9"]
[EventCountry "MEX"]
[EventCategory "2"]
[SourceTitle "10 Days #484"]
[Source "Chess Mix"]

1. d4 Nf6 2. Nf3 g6 3. Bf4 Bg7 4. e3 d6 5. h3 O-O 6. Nbd2 c5 7. c3 Nc6 8. Be2 cxd4 9. exd4 e5 10. dxe5 dxe5 11. Nxe5 Nd5 12. Nxc6 bxc6 13. Bh2 Re8 14. O-O Bxc3 15. Nc4 Bxb2 16. Rb1 Bg7 17. Bf3 Ba6 18. Qb3 Nc3 19. Rbe1 Rxe1 20. Rxe1 Bxc4 21. Qxc4 Qd2 22. Re7 Qc1+ 23. Qf1 Qxf1+ 24. Kxf1 Nxa2 25. Bxc6 Rc8 26. Bd5 Rc1+ 27. Ke2 Nc3+ 28. Kd2 Bh6+ 29. f4 Rd1+ 1/2-1/2

[Event "Independencia Cup CDMX IM"]
[Site "Mexico City MEX"]
[Date "2016.09.16"]
[Round "5.4"]
[White "Kaufman, Raymond"]
[Black "Dominguez Aguilar, Guillermo"]
[Result "1/2-1/2"]
[WhiteElo "2308"]
[BlackElo "2288"]
[PlyCount "60"]
[GameId "2130307640374895"]
[EventDate "2016.09.14"]
[EventType "tourn"]
[EventRounds "9"]
[EventCountry "MEX"]
[EventCategory "2"]
[SourceTitle "10 Days #484"]
[Source "Chess Mix"]

1. d4 Nf6 2. c4 g6 3. Nc3 Bg7 4. e4 d6 5. Be2 O-O 6. Bg5 c5 7. d5 b5 8. cxb5 a6 9. a4 e6 10. dxe6 Bxe6 11. e5 dxe5 12. Qxd8 Rxd8 13. Bf3 Nbd7 14. Bxa8 Rxa8 15. Nge2 axb5 16. Nxb5 Bc4 17. Nec3 e4 18. Bxf6 Bxf6 19. Nd6 Bd3 20. Ndxe4 Bxe4 21. Nxe4 Bxb2 22. Ra2 Re8 23. f3 Bd4 24. Kd2 Nb6 25. a5 Nd5 26. a6 f5 27. a7 Ra8 28. Rb1 Nb4 29. Ng3 Bc3+ 30. Ke2 Kf7 1/2-1/2

[Event "Independencia Cup CDMX IM"]
[Site "Mexico City MEX"]
[Date "2016.09.16"]
[Round "6.3"]
[White "L'Ami, Alina"]
[Black "Kaufman, Raymond"]
[Result "1-0"]
[WhiteElo "2322"]
[BlackElo "2308"]
[PlyCount "73"]
[GameId "2130307640374899"]
[EventDate "2016.09.14"]
[EventType "tourn"]
[EventRounds "9"]
[EventCountry "MEX"]
[EventCategory "2"]
[SourceTitle "10 Days #484"]
[Source "Chess Mix"]

1. d4 d5 2. c4 c6 3. Nf3 Nf6 4. Nc3 a6 5. Bg5 dxc4 6. a4 e6 7. e3 c5 8. Bxc4 cxd4 9. exd4 Be7 10. O-O O-O 11. Qe2 h6 12. Be3 Nc6 13. Rad1 Nb4 14. Ne5 Nbd5 15. Bc1 Bd7 16. Rd3 Rc8 17. Rg3 Kh8 18. Rh3 Nh7 19. Qh5 Ng5 20. Bxg5 Bxg5 21. Qxf7 Rxf7 22. Nxf7+ Kg8 23. Nxd8 Rxc4 24. Nxb7 Nf4 25. Rg3 Rxd4 26. Nc5 Bc6 27. Nxa6 Bh4 28. Re3 Nxg2 29. Rxe6 Rg4 30. h3 Rg5 31. Kh2 Bf3 32. Ne4 Ra5 33. Nec5 Nf4 34. Re3 Bg2 35. Rfe1 Bxf2 36. b4 Bxe1 37. Rxe1 1-0

[Event "Independencia Cup CDMX IM"]
[Site "Mexico City MEX"]
[Date "2016.09.17"]
[Round "7.3"]
[White "Kaufman, Raymond"]
[Black "Carreto Nieto, Giovanni"]
[Result "0-1"]
[WhiteElo "2308"]
[BlackElo "2222"]
[PlyCount "60"]
[GameId "2130307640374902"]
[EventDate "2016.09.14"]
[EventType "tourn"]
[EventRounds "9"]
[EventCountry "MEX"]
[EventCategory "2"]
[SourceTitle "10 Days #484"]
[Source "Chess Mix"]

1. e4 c5 2. Nf3 d6 3. d4 cxd4 4. Nxd4 Nf6 5. Nc3 g6 6. Be3 Bg7 7. f3 Nc6 8. Qd2 Bd7 9. g4 Rc8 10. h4 h5 11. g5 Nh7 12. O-O-O Ne5 13. Kb1 O-O 14. f4 Ng4 15. f5 Qa5 16. Bh3 Rxc3 17. Bxg4 Rc5 18. Qxa5 Rxa5 19. Bh3 Bc6 20. fxg6 fxg6 21. Nxc6 bxc6 22. Be6+ Kh8 23. Rdf1 Re5 24. Bf7 Rxe4 25. Bc1 d5 26. b3 Bd4 27. a4 Kg7 28. c3 Bb6 29. Bb2 Rxf7 30. Rd1 Kh8 0-1

[Event "Independencia Cup CDMX IM"]
[Site "Mexico City MEX"]
[Date "2016.09.17"]
[Round "8.4"]
[White "Sanchez Enriquez, Oscar"]
[Black "Kaufman, Raymond"]
[Result "1/2-1/2"]
[WhiteElo "2350"]
[BlackElo "2308"]
[PlyCount "62"]
[GameId "2130307640374908"]
[EventDate "2016.09.14"]
[EventType "tourn"]
[EventRounds "9"]
[EventCountry "MEX"]
[EventCategory "2"]
[SourceTitle "10 Days #484"]
[Source "Chess Mix"]

1. c4 c5 2. Nf3 Nf6 3. Nc3 e6 4. g3 b6 5. Bg2 Bb7 6. O-O Be7 7. d4 cxd4 8. Qxd4 d6 9. Bg5 a6 10. Bxf6 Bxf6 11. Qd3 O-O 12. Rfd1 Be7 13. Ne4 Bxe4 14. Qxe4 Ra7 15. Nd4 Rc7 16. b3 Rc5 17. a4 Qc7 18. Qb1 Nd7 19. Ra2 Rd8 20. Rc2 Bf6 21. Rcd2 Rc8 22. e3 Be7 23. h3 Qb8 24. Rc2 Bf6 25. Rdd2 g6 26. Qa2 R5c7 27. b4 Ne5 28. Bf1 Qb7 29. Bg2 Qb8 30. Bf1 Qb7 31. Bg2 Qb8 1/2-1/2

[Event "National op"]
[Site "Las Vegas USA"]
[Date "2016.06.24"]
[Round "1"]
[White "Bachmann, Axel"]
[Black "Kaufman, Raymond"]
[Result "1/2-1/2"]
[WhiteElo "2642"]
[BlackElo "2292"]
[PlyCount "89"]
[GameId "2130307644064101"]
[EventDate "2016.06.24"]
[EventType "swiss"]
[EventRounds "6"]
[EventCountry "USA"]
[SourceTitle "Mega2016 Update 39"]
[Source "Chessbase"]
[SourceDate "2016.07.01"]
[SourceVersion "1"]
[SourceVersionDate "2016.07.01"]
[SourceQuality "1"]

1. Nf3 d5 2. g3 c6 3. Bg2 Bg4 4. c4 e6 5. O-O Nd7 6. cxd5 cxd5 7. Nc3 Ne7 8. d3 Nc6 9. a3 Be7 10. Bd2 O-O 11. h3 Bh5 12. b4 a6 13. Qb1 Rc8 14. Ra2 Bf6 15. Rc1 Nd4 16. Nxd4 Bxd4 17. Rac2 Rc6 18. b5 axb5 19. Nxb5 Rxc2 20. Rxc2 Qb6 21. e3 Bf6 22. Rc1 h6 23. e4 dxe4 24. Bxe4 Bg5 25. Bxg5 hxg5 26. Qb4 Nf6 27. Nd6 Qxb4 28. axb4 Nxe4 29. dxe4 Rd8 30. e5 Bf3 31. Rc3 Bd5 32. f4 gxf4 33. gxf4 Ra8 34. Kf2 Ra4 35. Rc8+ Kh7 36. Nxf7 Rxb4 37. Kg3 Kg6 38. Ng5 Rb3+ 39. Kg4 Rb1 40. Re8 Rg1+ 41. Kh4 Kf5 42. Rf8+ Kg6 43. Re8 Kf5 44. Rf8+ Kg6 45. Re8 1/2-1/2

[Event "National op"]
[Site "Las Vegas USA"]
[Date "2016.06.24"]
[Round "2"]
[White "Kaufman, Raymond"]
[Black "Guo, Arthur"]
[Result "1-0"]
[WhiteElo "2292"]
[BlackElo "2075"]
[PlyCount "125"]
[GameId "2130307644064107"]
[EventDate "2016.06.24"]
[EventType "swiss"]
[EventRounds "6"]
[EventCountry "USA"]
[SourceTitle "Mega2016 Update 39"]
[Source "Chessbase"]
[SourceDate "2016.07.01"]
[SourceVersion "1"]
[SourceVersionDate "2016.07.01"]
[SourceQuality "1"]

1. Nf3 Nf6 2. c4 e6 3. Nc3 d5 4. d4 c6 5. g3 Be7 6. Bg2 O-O 7. O-O Nbd7 8. b3 b6 9. Nd2 Bb7 10. e4 dxe4 11. Ndxe4 Nxe4 12. Nxe4 Nf6 13. Ng5 h6 14. Nh3 Qd7 15. Be3 c5 16. dxc5 Bxg2 17. Kxg2 Bxc5 18. Bxc5 Qc6+ 19. Qf3 Qxc5 20. Nf4 Rad8 21. Rfd1 Qa3 22. Qe2 Rfe8 23. h4 a5 24. Rxd8 Rxd8 25. Rd1 Qe7 26. Rxd8+ Qxd8 27. Qd3 Qd7 28. Qxd7 Nxd7 29. Kf3 Kf8 30. Ke3 Ke7 31. a3 Kd6 32. b4 axb4 33. axb4 g5 34. hxg5 hxg5 35. Nd3 f5 36. f3 e5 37. g4 f4+ 38. Ke4 Ke6 39. Nf2 Nf6+ 40. Kd3 b5 41. cxb5 Kd5 42. b6 Kc6 43. Ne4 Nd5 44. Nxg5 Nxb4+ 45. Ke4 Kxb6 46. Nf7 Kc6 47. Nxe5+ Kd6 48. Ng6 Ke6 49. Nxf4+ Kf7 50. Nd5 Nc6 51. f4 Nd8 52. f5 Kg7 53. g5 Nf7 54. Kf4 Nd6 55. g6 Kh6 56. Ke5 Ne8 57. Nf4 Kg5 58. g7 Nxg7 59. Ne6+ Nxe6 60. Kxe6 Kh6 61. f6 Kg6 62. Ke7 Kh7 63. f7 1-0

[Event "National op"]
[Site "Las Vegas USA"]
[Date "2016.06.25"]
[Round "3"]
[White "Kaufman, Raymond"]
[Black "Durarbayli, Vasif"]
[Result "0-1"]
[WhiteElo "2292"]
[BlackElo "2596"]
[PlyCount "58"]
[GameId "2130307644064120"]
[EventDate "2016.06.24"]
[EventType "swiss"]
[EventRounds "6"]
[EventCountry "USA"]
[SourceTitle "Mega2016 Update 39"]
[Source "Chessbase"]
[SourceDate "2016.07.01"]
[SourceVersion "1"]
[SourceVersionDate "2016.07.01"]
[SourceQuality "1"]

1. d4 Nf6 2. Bf4 c5 3. e3 d5 4. c3 Qb6 5. Qb3 Nc6 6. Na3 c4 7. Qxb6 axb6 8. Nf3 Bf5 9. Nb5 Ra5 10. a4 Bc2 11. Be2 Bxa4 12. Nc7+ Kd7 13. Ne5+ Nxe5 14. dxe5 Kxc7 15. exf6+ Kc6 16. fxe7 Bxe7 17. e4 dxe4 18. Bxc4 Bb5 19. Bxb5+ Kxb5 20. Kd2 Bc5 21. Ke2 Rha8 22. Rad1 Kc6 23. Rd2 Ra1 24. Rxa1 Rxa1 25. b4 Be7 26. Rd4 f5 27. Rc4+ Bc5 28. bxc5 bxc5 29. Be3 b6 0-1

[Event "National op"]
[Site "Las Vegas USA"]
[Date "2016.06.25"]
[Round "4"]
[White "Mousseri, Daniel"]
[Black "Kaufman, Raymond"]
[Result "0-1"]
[WhiteElo "2240"]
[BlackElo "2292"]
[PlyCount "86"]
[GameId "2130307644064129"]
[EventDate "2016.06.24"]
[EventType "swiss"]
[EventRounds "6"]
[EventCountry "USA"]
[SourceTitle "Mega2016 Update 39"]
[Source "Chessbase"]
[SourceDate "2016.07.01"]
[SourceVersion "1"]
[SourceVersionDate "2016.07.01"]
[SourceQuality "1"]

1. e4 e6 2. d4 d5 3. Nc3 Bb4 4. e5 c5 5. Bd2 Ne7 6. Nb5 Bxd2+ 7. Qxd2 O-O 8. f4 Qb6 9. Nf3 Nbc6 10. O-O-O Nf5 11. g4 Nfxd4 12. Nbxd4 cxd4 13. Bd3 Nb4 14. Kb1 Bd7 15. a3 Nxd3 16. cxd3 Rac8 17. Qf2 Ba4 18. Rd2 f6 19. Qxd4 Qxd4 20. Nxd4 fxe5 21. fxe5 Bd7 22. Rg2 Rf4 23. Ne2 Rf3 24. Rd1 Ba4 25. Rc1 Rxc1+ 26. Nxc1 d4 27. Re2 Re3 28. Rxe3 dxe3 29. d4 Kf7 30. Nd3 Bb5 31. Kc2 e2 32. Ne1 Kg6 33. a4 Bxa4+ 34. Kd3 Bb5+ 35. Ke4 Kg5 36. Kf3 Bc4 37. Kg3 a5 38. h4+ Kg6 39. h5+ Kf7 40. g5 b5 41. Kf2 b4 42. Nc2 Bb3 43. Ne3 a4 0-1

[Event "National op"]
[Site "Las Vegas USA"]
[Date "2016.06.26"]
[Round "5"]
[White "Kaufman, Raymond"]
[Black "Mikhalevski, Victor"]
[Result "1-0"]
[WhiteElo "2292"]
[BlackElo "2533"]
[PlyCount "59"]
[GameId "2130307644064135"]
[EventDate "2016.06.24"]
[EventType "swiss"]
[EventRounds "6"]
[EventCountry "USA"]
[SourceTitle "Mega2016 Update 39"]
[Source "Chessbase"]
[SourceDate "2016.07.01"]
[SourceVersion "1"]
[SourceVersionDate "2016.07.01"]
[SourceQuality "1"]

1. e4 e5 2. Nf3 Nc6 3. Bb5 g6 4. Nc3 Bg7 5. d3 Nge7 6. Bg5 h6 7. Be3 f5 8. exf5 Nxf5 9. O-O O-O 10. a3 Kh7 11. Re1 Ncd4 12. Bxd4 exd4 13. Ne2 d5 14. Qd2 g5 15. c3 dxc3 16. bxc3 g4 17. Nfd4 Nd6 18. Ba4 c6 19. Ng3 Qa5 20. Re7 Qxa4 21. Nh5 Rf7 22. Rxf7 Nxf7 23. Qf4 Ng5 24. Qc7 Bd7 25. Qxd7 Rg8 26. Nf6+ Kh8 27. Nxg8 Kxg8 28. Nf5 Bf8 29. Qe8 Nf7 30. Qe6 1-0

[Event "National op"]
[Site "Las Vegas USA"]
[Date "2016.06.26"]
[Round "6"]
[White "Moradiabadi, Elshan"]
[Black "Kaufman, Raymond"]
[Result "1/2-1/2"]
[WhiteElo "2594"]
[BlackElo "2292"]
[PlyCount "102"]
[GameId "2130307644068242"]
[EventDate "2016.06.24"]
[EventType "swiss"]
[EventRounds "6"]
[EventCountry "USA"]
[SourceTitle "Mega2016 Update 39"]
[Source "Chessbase"]
[SourceDate "2016.07.01"]
[SourceVersion "1"]
[SourceVersionDate "2016.07.01"]
[SourceQuality "1"]

1. Nf3 Nf6 2. d4 e6 3. e3 c5 4. Bd3 cxd4 5. exd4 b6 6. O-O Bb7 7. c4 Be7 8. Nc3 d5 9. cxd5 Nxd5 10. Ne5 O-O 11. Qg4 f5 12. Qe2 Bf6 13. Bc4 Re8 14. Rd1 Nc6 15. Bxd5 exd5 16. Bf4 Qd6 17. Nb5 Qe7 18. Rac1 a6 19. Nc3 Nxe5 20. dxe5 Bxe5 21. Bxe5 Qxe5 22. Qxe5 Rxe5 23. f4 Re6 24. Nxd5 Bxd5 25. Rxd5 Rae8 26. Kf1 Re2 27. Rd7 h5 28. Rd8 Rxd8 29. Kxe2 Re8+ 30. Kf3 Re6 31. Rc7 Kh7 32. g3 Kg6 33. b4 b5 34. a3 Kf6 35. Rc5 Kg6 36. Rc8 Kf7 37. Rc7+ Kf6 38. Kf2 Kg6 39. Kg2 Kf6 40. Kh3 Rd6 41. Kh4 g6 42. Rc8 Re6 43. Kh3 Rd6 44. Rc5 Kg7 45. Rc7+ Kf6 46. Kh4 Re6 47. h3 Rd6 48. g4 hxg4 49. hxg4 fxg4 50. Kxg4 Re6 51. Kf3 g5 1/2-1/2

[Event "Eastern op"]
[Site "Bethesda USA"]
[Date "2015.12.27"]
[Round "3"]
[White "Kaufman, Raymond"]
[Black "Ivanov, Alexander"]
[Result "1-0"]
[WhiteElo "2315"]
[BlackElo "2515"]
[PlyCount "41"]
[GameId "2130307649634609"]
[EventDate "2015.12.26"]
[EventType "swiss"]
[EventRounds "7"]
[EventCountry "USA"]
[SourceTitle "Mega2016 Update 18"]
[Source "Chessbase"]
[SourceDate "2016.02.05"]
[SourceVersion "1"]
[SourceVersionDate "2016.02.05"]
[SourceQuality "1"]

1. d4 d6 2. Nf3 Bg4 3. e4 Nf6 4. Nc3 e6 5. h3 Bh5 6. Qe2 Be7 7. g4 Bg6 8. h4 h5 9. g5 Nfd7 10. d5 exd5 11. exd5 O-O 12. Be3 c5 13. dxc6 bxc6 14. O-O-O d5 15. Bg2 Bb4 16. Nxd5 cxd5 17. Rxd5 Qe8 18. Rhd1 Bc5 19. Ng1 Bxe3+ 20. Qxe3 Qc8 21. Qc3 1-0

[Event "Eastern op"]
[Site "Bethesda USA"]
[Date "2015.12.28"]
[Round "5"]
[White "Erenburg, Sergey"]
[Black "Kaufman, Raymond"]
[Result "1-0"]
[WhiteElo "2587"]
[BlackElo "2315"]
[PlyCount "49"]
[GameId "2130307649634615"]
[EventDate "2015.12.26"]
[EventType "swiss"]
[EventRounds "7"]
[EventCountry "USA"]
[SourceTitle "Mega2016 Update 18"]
[Source "Chessbase"]
[SourceDate "2016.02.05"]
[SourceVersion "1"]
[SourceVersionDate "2016.02.05"]
[SourceQuality "1"]

1. e4 e6 2. d4 d5 3. Nd2 c5 4. Ngf3 cxd4 5. Nxd4 Nf6 6. exd5 Qxd5 7. Nb5 Na6 8. c4 Qf5 9. Be2 Be7 10. O-O O-O 11. Nd4 Qc5 12. N2b3 Qc7 13. Nb5 Qb8 14. Be3 Bd7 15. Nc3 Rd8 16. Bf3 Bc6 17. Qe2 Bxf3 18. Qxf3 Nb4 19. Rad1 Qe5 20. Rxd8+ Rxd8 21. Bxa7 Nd3 22. Bd4 Rxd4 23. Nxd4 Bd6 24. g3 Qxd4 25. Nb5 1-0